US Lecce Squad 2023-2024 - Statistics

General Stats
  • This quiz has been taken 80 times
    62 since last reset
  • The average score is 18 of 33
Answer Stats
# Position Nation Player % Correct
6 DF Italy Federico Baschirotto
93%
9 FW Montenegro Nikola Krstović
93%
5 DF Croatia Marin Pongračić
89%
30 GK Italy Wladimiro Falcone
89%
20 MF Albania Ylber Ramadani
84%
25 DF Italy Antonino Gallo
82%
22 FW Zambia Lameck Banda
80%
10 FW France Rémi Oudin
80%
7 FW Sweden Pontus Almqvist
77%
27 FW Brazil Gabriel Strefezza
75%
8 MF Tunisia Hamza Rafia
75%
11 FW Italy Nicola Sansone
75%
13 DF Denmark Patrick Dorgu
75%
17 DF France Valentin Gendrey
75%
- Coach Italy Roberto D'Aversa
70%
91 FW Italy Roberto Piccoli
64%
16 MF Spain Joan González
61%
29 MF France Alexis Blin
52%
77 MF France Mohamed Kaba
52%
50 FW Argentina Santiago Pierotti
48%
55 DF Albania Kastriot Dermaku
43%
59 DF Algeria Ahmed Touba
39%
18 MF Albania Medon Berisha
39%
12 DF Italy Lorenzo Venuti
36%
21 GK Italy Federico Brancolini
32%
40 GK Finland Jasper Samooja
32%
45 FW Romania Rareș Burnete
30%
98 GK Romania Alexandru Borbei
27%
24 FW Denmark Jeppe Corfitzen
23%
19 MF Poland Marcin Listkowski
18%
26 DF Bosnia and Herzegovina Zinedin Smajlović
16%
23 MF Italy Giacomo Faticanti
11%
74 GK Italy Antonino Viola
5%
No matching quizzes found
Score Distribution
Percent of People with Each Score
Percentile by Number Answered
Your Score History
You have not taken this quiz since the last reset